Click the Correct Brazilian Region - Statistics

General Stats
  • This quiz has been taken 18 times
  • The average score is 13 of 18
Answer Stats
Hint Answer % Correct
Where Salvador, the first capital of Brazil, is located 2. Northeast
93%
Where São Paulo and Rio de Janeiro is located 4. Southeast
93%
Has the highest probability of snowfall 5. South
87%
Contains the largest portion of the Amazon rainforest in Brazil 1. North
80%
Has the largest population 4. Southeast
80%
Has the lowest average annual temperature 5. South
80%
Contains the Brazilian side of the Iguazu Falls 5. South
80%
The first place where the Portuguese arrived in Brazil 2. Northeast
73%
Where Brasilia is located 3. Central-West
73%
Has the largest economy 4. Southeast
73%
Has the largest number of people of German descent 5. South
73%
Has the largest area 1. North
67%
Has the largest indigenous population 1. North
67%
Has the highest value of agricultural production 3. Central-West
67%
Largely covered by the semi-arid biome 2. Northeast
53%
Was occupied by the Dutch in the 17th century 2. Northeast
47%
Contains the world's largest flooded grassland 3. Central-West
47%
Has the smallest population 3. Central-West
47%
No matching quizzes found
Score Distribution
Percent of People with Each Score
Percentile by Number Answered
Your Score History
You have not taken this quiz